Kinh tế - Xã hội Việt Nam đến năm 2020 : Chiến lược - kế hoạch - dự báo

Gồm những thông tin về chiến lược phát triển kinh tế - xã hội Việt Nam giai đoạn 2011 - 2020; Nghị quyết quốc hội khoá XIII về kế hoạch phát triển kinh tế xã hội 5 năm (2011 - 2015); kế hoạch phát triển kinh tế xã hội 5 năm (2011 - 2015) của...

وصف كامل

محفوظ في:
التفاصيل البيبلوغرافية
المؤلف الرئيسي: Nguyễn, Tiến Dỵ
التنسيق: كتاب
اللغة:Undetermined
منشور في: Hà Nội Thống kê 2012
الموضوعات:
الوسوم: إضافة وسم
لا توجد وسوم, كن أول من يضع وسما على هذه التسجيلة!
Thư viện lưu trữ: Trung tâm Học liệu Trường Đại học Cần Thơ
LEADER 01104nam a2200217Ia 4500
001 CTU_190641
008 210402s9999 xx 000 0 und d
082 |a 330.9597 
082 |b D600 
100 |a Nguyễn, Tiến Dỵ 
245 0 |a Kinh tế - Xã hội Việt Nam đến năm 2020 : 
245 0 |b Chiến lược - kế hoạch - dự báo 
245 0 |c Nguyễn Tiến Dỵ chủ biên 
260 |a Hà Nội 
260 |b Thống kê 
260 |c 2012 
520 |a Gồm những thông tin về chiến lược phát triển kinh tế - xã hội Việt Nam giai đoạn 2011 - 2020; Nghị quyết quốc hội khoá XIII về kế hoạch phát triển kinh tế xã hội 5 năm (2011 - 2015); kế hoạch phát triển kinh tế xã hội 5 năm (2011 - 2015) của 63 tỉnh thành phố của cả nước 
650 |a Vietnam,Việt Nam 
650 |x Economic conditions,Điều kiện kinh tế 
910 |a Hải 
980 |a Trung tâm Học liệu Trường Đại học Cần Thơ